LEADER 02739nam 2200577 a 450 001 9910957540203321 005 20251116232416.0 010 $a1-4356-2695-8 035 $a(CKB)1000000000482867 035 $a(OCoLC)213478974 035 $a(CaPaEBR)ebrary10210704 035 $a(SSID)ssj0000104922 035 $a(PQKBManifestationID)11127866 035 $a(PQKBTitleCode)TC0000104922 035 $a(PQKBWorkID)10086259 035 $a(PQKB)10257015 035 $a(MiAaPQ)EBC3118166 035 $a(Au-PeEL)EBL3118166 035 $a(CaPaEBR)ebr10210704 035 $a(EXLCZ)991000000000482867 100 $a20070829d2007 uy 0 101 0 $aeng 135 $aurcn||||||||| 181 $ctxt 182 $cc 183 $acr 200 00$aApproaching Yehud $enew approaches to the study of the Persian period /$fedited by Jon L. Berquist 205 $a1st ed. 210 $aAtlanta $cSociety of Biblical Literature$dc2007 215 $a1 online resource (259 p.) 225 1 $aSemeia studies ;$vno. 50 300 $aBibliographic Level Mode of Issuance: Monograph 311 08$a1-58983-145-4 320 $aIncludes bibliographical references (p. 215-246). 327 $aIntro -- Contents -- Abbreviations -- Approaching Yehud -- Pilgrimage to Jerusalem in the Persian Period* -- Intertextuality in the Persian Period -- What Mean These Stones? Inscriptions, Textuality and Power in Persia and Yehud* -- Scholars, Witches, Ideologues, and What the Text Said: Ezra 9-10 and Its Interpretation -- "How Lonely Sits the City": Identity and the Creation of History -- "A World under Control": Isaiah 60 and the Apadana Reliefs from Persepolis* -- An Exile's Baggage: Toward a Postcolonial Reading of Ezekiel -- Diaspora and Homeland in the Early Achaemenid Period: Community, Geography and Demography in Zechariah 1-8 -- The Strange Woman in Persian Yehud: A Reading of Proverbs 7 -- Qoheleth in Love and Trouble -- Psalms, Postcolonialism, and the Construction of the Self -- Response: In the Beginning-Again -- From Exile to Empire: A Response -- Bibliography -- Contributors. 410 0$aSemeia studies ;$vno. 50. 606 $aJews$xHistory$y586 B.C.-70 A.D$xHistoriography 606 $aJudaism$xHistory$yPost-exilic period, 586 B.C.-210 A.D$xHistoriography 607 $aYehud (Persian province)$xHistoriography 607 $aJudaea (Region)$xHistoriography 615 0$aJews$xHistory$xHistoriography. 615 0$aJudaism$xHistory$xHistoriography. 676 $a933/.03 701 $aBerquist$b Jon L$01893488 801 0$bMiAaPQ 801 1$bMiAaPQ 801 2$bMiAaPQ 906 $aBOOK 912 $a9910957540203321 996 $aApproaching Yehud$94541823 997 $aUNINA